00444nam a2200181 a 4500001001300000003000900013005001700022008004100039020001000080082001400090100001900104245002600123260003300149300000900182500003500191505001700226700001900243nice12345678IN_TiNIC20260116013437.0050524s1951 newa grp 000 0 eng  ac29400a190bKAN1 aKant, Immanuel aCritique of Judgement aNew YorkbHafner Pressc1951 a339p aincludes index and biblioraphy2 aNotes, Index1 aKant, Immanuel